000 00536cam a2200217ua 4500
020 _c75.00
041 _aeng
_h
082 _a635
_bNEE/IN
100 _aNeelakandan, Kumar .
245 _aIntroduction to horticulture /
_cNeelakandan kumar.
_hTextual Documents
250 _a1 /
_b.
260 _aNagarcoil :
_bRajalakshmi publications ,
_c1986.
300 _a330 ; .
365 _a75.00
504 _a
942 _cBK
999 _c9381
_d9381